Estadísticas para Máximos goleadores de la Premier League

Haz click aquí para intentar la prueba.

Estadísticas generales

  • Esta prueba ha sido intentada 139 veces
  • La puntuación promedio es 10 de 20

Estadísticas de respuestas

GolesTemporadas en la PremierEquipo/sJugador% Correcto
2032012- en activoTottenham HotspurHarry Kane
97%
2082002-2018Everton / Manchester UnitedWayne Rooney
95%
1842011-2021Manchester CitySergio Agüero
92%
1751999-2007 / 2011-2012ArsenalThierry Henry
89%
1342014- en activoLeicester CityJamie Vardy
83%
2601992-2006Blackburn Rovers / Newcastle UnitedAlan Shearer
79%
1312013- en activoChelsea / LiverpoolMohamed Salah
75%
1442004-2015Arsenal / Manchester UnitedRobin van Persie
66%
1771995-2015West Ham United / Chelsea / Manchester CityFrank Lampard
61%
1501997-2004 / 2005-2013Liverpool / Newcastle United / Manchester United / Stoke CityMichael Owen
53%
1212011-2019 / 2021/2022Chelsea / West Bromwich / Everton / Manchester UnitedRomelu Lukaku
44%
1871993-2008Newcastle United / Manchester United / Blackburn Rovers / Fulham / Manchester City / Portsmouth / SunderlandAndy Cole
37%
1622000-2022West Ham United / Tottenham Hotspur / Portsmouth / Sunderland / BournemouthJermain Defoe
28%
1251997-1999 / 2002-2004 / 2006-2011 / 2013-2014Arsenal / Liverpool / Manchester City / Bolton Wanderers / Chelsea / West BromwichNicolas Anelka
24%
1261999-2000 / 2000-2012Coventry City / Leeds United / Tottenham Hotspur / Liverpool / West Ham United / Aston VillaRobbie Keane
24%
1631993-2011Liverpool / Leeds United / Manchester City / Blackburn RoversRobbie Fowler
18%
1231992-2009Aston Villa / Manchester United / Blackburn Rovers / Birmingham City / SunderlandDwight Yorke
17%
1491992-2006Queens Park Rangers / Newcastle United / Tottenham Hotspur / West Ham United / Leicester City / Bolton WanderersLes Ferdinand
11%
1461992-2008Nottingham Forest / Tottenham Hotspur / Manchester United / Portsmouth / West Ham UnitedTeddy Sheringham
11%
1271997-1999 / 2000-2007Leeds United / Chelsea / Middlesbrough / Charlton AthleticJimmy Floyd Hasselbaink
8%

Distribución de puntuación

Porcentaje por número respondido

Porcentaje de gente con cada puntuación

Historial de tus puntuaciones

No has intentado esta prueba.